Quiz o Widzewie Łódź - Statystyki

Ogólne statystyki
  • Ten quiz został rozwiązany 234 razy
  • Średni wynik to 6 z 15
Statystyki odpowiedzi
Pytanie Odpowiedź % Poprawnych
Ile razy Widzew wygrał Puchar Polski? 1
99%
Rok założenia 1910
97%
Ile razy Widzew wygrał Mistrzostwo Polski? 4
80%
Skrót RTS
71%
Trener Daniel Myśliwiec
56%
Bramkarz Rafał Gikiewicz
53%
Kapitan Bartłomiej Pawłowski
48%
Właściciel Tomasz Stamirowski
29%
Sponsor Panattoni
22%
Największy strzelec w historii klubu Marek Koniarek (104 bramki)
18%
Nazwa Stadionu Stadion Miejski Widzewa Łódź
9%
Jaki był wtedy wynik? 11:1
3%
Najdroższy kupiony zawodnik Artur Wichniarek (1,50 mln euro)
3%
Rekord bramek w lidze mistrzów padł w meczu Widzew vs... Odra Opole
3%
Najtańszy kupiony zawodnik Sebastian Duda ( 5 tyś. euro)
1%
Nie znaleziono quizów pasujących do podanych kryteriów
Rozkład punktacji
Procent ludzi z każdym wynikiem
Percentyl według liczby udzielonych odpowiedzi
Twoja historia wyników
Nie rozwiązałeś tego quizu